| 000 | 01462namaa22003371i 4500 | ||
|---|---|---|---|
| 005 | 20260630101036.0 | ||
| 008 | 260630s1995 ua a|||frm||| 000 0 eng d | ||
| 040 |
_aEG-GICUC _beng _cEG-GICUC _dEG-GICUC _erda |
||
| 041 | 0 |
_aeng _beng _bara |
|
| 049 | _aDeposite | ||
| 097 | _aPh.D | ||
| 099 | _aCai01.11.10.Ph.D.1995.Am.S. | ||
| 100 | 0 |
_aAmr Ezz EL-Din Sharaf, _epreparation. |
|
| 245 | 1 | 0 |
_aStudy On The Non-Immunologic Mechanisms Influencing Infection With Leprosy / _cBy Amr Ezz EL-Din Sharaf;Supervisors Prof.Dr. Mohsen M. Soliman, Prof.Dr. M. Rasheed Bahgat, Prof.Dr. Samia Nour, Prof.Dr. M. Bakr EL Zawahry. |
| 246 | 1 | 5 | _aدراسة على بعض الوسائل الغير مناعية فى عدوى ميكروب الجذام / |
| 264 | 0 | _c1995. | |
| 300 |
_a240 pages : _billustrations ; _c30 cm. + |
||
| 336 |
_2rda content _atext |
||
| 337 |
_2rdamedia _aUnmediated |
||
| 338 |
_2rdacarrier _avolume |
||
| 502 | _aThesis (Ph.D)-Cairo University,1995. | ||
| 504 | _aBibliography: pages 200-240. | ||
| 653 | 0 | _aDermartology | |
| 700 | 0 |
_aMohsen M. Soliman _ethesis advisor. |
|
| 700 | 0 |
_aM. Rasheed Bahgat _ethesis advisor. |
|
| 700 | 0 |
_aSamia Nour _ethesis advisor. |
|
| 700 | 0 |
_aM. Bakr EL Zawahry _ethesis advisor. |
|
| 900 |
_DDepartment of Dermartology _FFaculty of Medicine _UCairo University _b1995 _cMohsen M. Soliman _cM. Rasheed Bahgat _cSamia Nour _cM. Bakr EL Zawahry |
||
| 905 | _aEman El gebaly | ||
| 942 |
_2ddc _cTH _e21 _n0 |
||
| 999 | _c180650 | ||